| 000 | 01460nam0a22003011 4500 | ||
|---|---|---|---|
| 001 | rc\4980921 | ||
| 005 | 20250613061456.0 | ||
| 021 |
_aRU _b[64-14550] |
||
| 035 | _a(NLR Aleph) 008981991 | ||
| 090 |
_a9191702 _c9191702 |
||
| 100 | _a20130430d1964 |||y0rusy50 ca | ||
| 101 | 0 | _arus | |
| 102 | _aRU | ||
| 105 | _aa z ||||| | ||
| 200 | 1 |
_aРуководство к решению задач по сопротивлению материалов _e[Для вечерних и заоч. фак. втузов всех специальностей] _fПод общ. ред. доц. Е.И. Стетюха _gМ-во высш. и сред. спец. образования СССР. Грозн. ордена Трудового Красного Знамени нефт. ин-т. Кафедра сопротивления материалов |
|
| 210 |
_aГрозный _cБ. и. _d1964 |
||
| 215 |
_a238 с. _cил. _d22 |
||
| 300 | _aПеред загл. авт.: Е.И. Стетюха, А.Ф. Комлев, П.В. Хомутов и др. | ||
| 320 | _aБиблиогр.: с. 235 (19 назв.) | ||
| 606 |
_aСопротивление материалов _jЗадачи _xРешение _2psbo |
||
| 701 | 1 |
_aКомлев _bА.Ф. |
|
| 701 | 1 |
_aХомутов _bП.В. |
|
| 701 | 1 |
_aСтетюха _bЕ.И. _gЕвгений Иванович _4340 |
|
| 801 | 0 |
_aRU _bNLR _gpsbo |
|
| 801 | 1 |
_aRU _bELAR _2rusmarc |
|
| 852 |
_aNLR _j64-5/1369 |
||
| 942 | _cBOOK | ||
| 980 | _aNB | ||